Bairros de Joinville - Statistics

Estatísticas Gerais
  • Esse quiz foi jogado 132 vezes
    23 desde o último reset
  • A pontuação média é 30 de 42
Estatísticas das Respostas
Região Bairro % Correto
Centro Centro
94%
Sul Paranaguamirim
94%
Norte América
89%
Sul Boehmerwald
89%
Leste Iririú
89%
Norte Jardim Paraíso
89%
Oeste Vila Nova
89%
Sul Anita Garibaldi
83%
Leste Aventureiro
83%
Norte Costa e Silva
83%
Norte Glória
83%
Norte Jardim Sofia
83%
Sul Petrópolis
83%
Norte Pirabeiraba
83%
Norte Atiradores
78%
Sul Bucarein
78%
Sul Floresta
78%
Sul Itinga
78%
Leste Jardim Iririú
78%
Oeste Nova Brasília
78%
Leste Boa Vista
72%
Norte Bom Retiro
72%
Leste Espinheiros
72%
Sul Itaum
72%
Oeste São Marcos
72%
Leste Vila Cubatão
72%
Norte Zona Industrial Norte
72%
Sul Adhemar Garcia
67%
Leste Comasa
67%
Sul Fátima
61%
Sul Guanabara
61%
Sul João Costa
61%
Oeste Morro do Meio
61%
Norte Saguaçu
61%
Norte Santo Antônio
61%
Sul Santa Catarina
56%
Sul Ulysses Guimarães
56%
Sul Jarivatuba
50%
Leste Zona Industrial Tupy
50%
Sul Profipo
44%
Sul Parque Guarani
39%
Norte Dona Francisca
28%
Nenhum quiz correspondente encontrado
Distribuição das Pontuações
Porcentagem de Pessoas com Cada Pontuação
Percentil de Números Respondidos
Sua Pontuação Histórica
Você não jogou esse quiz desde o último reset